000 00393nam a22001217a 4500
999 _c9406
_d9406
003 OSt
008 201203b ||||| |||| 00| 0 eng d
245 _aTextile Trends
250 _a2010(Jan Vol.52 No.1, Apr Vol.53 No.1, May Vol.53 No.2, Jun Vol.53 No.3, Jul Vol.53 No.4, Aug Vol.53 No.5)
260 _aKolkata
_bEastland Publications Pvt Ltd's
650 _aTextile Engineering
942 _2ddc
_cBV